000 00618nam a2200229 a 4500
001 55173
003 BD-RjUL
005 20211209080227.0
008 161114s1971 enka 001 0 eng
020 _a041210590X
035 _a(BD-RjUL)55295
040 _aDLC
_cDLC
_dBD-RjUL
_beng
041 _aeng
082 0 0 _223
_a536.7
_bRAG 1971
100 1 _aRamsay, James Arthur.
_9164410
245 1 2 _aA guide to thermodynamics /
_cby J. A. Ramsay.
260 _aLondon :
_bChapman and Hall,
_c1971.
300 _ax, 211 p. :
_bill. ;
_c20 cm.
350 _a£2.75
650 0 _aThermodynamics.
_9164411
942 _2ddc
_cBK
999 _c55173
_d55173